000 00566nam a2200253Ia 4500
008 160716s9999||||xx |||||||||||||| ||und||
040 _cMarathi
082 _aXI.C Belsare
082 _bBORI-110594
100 _aP. K. Belsare
245 _aSahaj Samadhi
300 _a96
300 _cE
300 _ePaperback
530 _u00110594.pdf
563 _aStudy
600 _aP. K. Belsare
630 _aSahaj Samadhi
650 _aGeneral Indology
650 _aReligion
700 _aP. K. Belsare
730 _aSahaj Samadhi
942 _cBOOK
999 _c1400292
_d1400289